Theories of economic development. (Record no. 519719)

MARC details
000 -LEADER
fixed length control field 00611nam a2200229Ia 4500
003 - CONTROL NUMBER IDENTIFIER
control field OSt
005 - DATE AND TIME OF LATEST TRANSACTION
control field 20220925191742.0
008 - FIXED-LENGTH DATA ELEMENTS--GENERAL INFORMATION
fixed length control field 220923b |||||||| |||| 00| 0 eng d
037 ## - SOURCE OF ACQUISITION
Terms of availability General Book
040 ## - CATALOGING SOURCE
Original cataloging agency RTL
Transcribing agency RTL
Language of cataloging eng
041 ## - LANGUAGE CODE
Source of code eng
Language code of text/sound track or separate title eng
100 ## - MAIN ENTRY--PERSONAL NAME
Personal name SINGH V B
9 (RLIN) 102215
245 #0 - TITLE STATEMENT
Title Theories of economic development.
260 ## - PUBLICATION, DISTRIBUTION, ETC.
Place of publication, distribution, etc. Bombay
Name of publisher, distributor, etc. Somaiya pub.
Date of publication, distribution, etc. 1971
300 ## - PHYSICAL DESCRIPTION
Extent xiii,256p.
Dimensions cm.
500 ## - GENERAL NOTE
General note Appendix :216-248
942 ## - ADDED ENTRY ELEMENTS (KOHA)
Classification part X:77, L1/SC
Koha item type General Books
Source of classification or shelving scheme Colon Classification (CC)

No items available.

Copyright @ Delhi University Library System